<?xml version='1.0' encoding='UTF-8'?>
  <record xmlns="http://www.loc.gov/MARC21/slim">
    <leader>00000cam a2200000 i 4500</leader>
    <controlfield tag="001">ocn905677764</controlfield>
    <controlfield tag="003">OCoLC</controlfield>
    <controlfield tag="005">20251016211641.5</controlfield>
    <controlfield tag="008">870324s1931    nyu           000 0 eng d</controlfield>
    <datafield tag="040" ind1=" " ind2=" ">
      <subfield code="a">NLGGC</subfield>
      <subfield code="b">dut</subfield>
      <subfield code="e">fobidrtb</subfield>
      <subfield code="c">NLGGC</subfield>
      <subfield code="d">OCLCO</subfield>
      <subfield code="d">OCLCF</subfield>
      <subfield code="d">OCLCA</subfield>
      <subfield code="d">OCLCO</subfield>
      <subfield code="d">OCLCA</subfield>
      <subfield code="d">OCLCL</subfield>
      <subfield code="d">OCLCQ</subfield>
    </datafield>
    <datafield tag="020" ind1=" " ind2=" ">
      <subfield code="a">0231087659</subfield>
    </datafield>
    <datafield tag="020" ind1=" " ind2=" ">
      <subfield code="a">9780231087650</subfield>
    </datafield>
    <datafield tag="029" ind1="0" ind2=" ">
      <subfield code="a">NLGGC</subfield>
      <subfield code="b">037088793</subfield>
    </datafield>
    <datafield tag="035" ind1=" " ind2=" ">
      <subfield code="a">(OCoLC)905677764</subfield>
    </datafield>
    <datafield tag="041" ind1="0" ind2=" ">
      <subfield code="a">eng</subfield>
      <subfield code="a">ang</subfield>
    </datafield>
    <datafield tag="050" ind1=" " ind2="4">
      <subfield code="a">PR1601</subfield>
      <subfield code="b">.K7</subfield>
    </datafield>
    <datafield tag="082" ind1="0" ind2="4">
      <subfield code="a">829.9</subfield>
    </datafield>
    <datafield tag="245" ind1="0" ind2="4">
      <subfield code="a">The Junius manuscript /</subfield>
      <subfield code="c">ed. by George Philip Krapp.</subfield>
    </datafield>
    <datafield tag="260" ind1=" " ind2=" ">
      <subfield code="a">London :</subfield>
      <subfield code="b">Routledge ;</subfield>
      <subfield code="a">New York :</subfield>
      <subfield code="b">Columbia University Press,</subfield>
      <subfield code="c">1931.</subfield>
    </datafield>
    <datafield tag="300" ind1=" " ind2=" ">
      <subfield code="a">lviii, 247 p. ;</subfield>
      <subfield code="c">23 cm.</subfield>
    </datafield>
    <datafield tag="336" ind1=" " ind2=" ">
      <subfield code="a">tekst</subfield>
      <subfield code="b">txt</subfield>
      <subfield code="2">rdacontent/dut</subfield>
    </datafield>
    <datafield tag="337" ind1=" " ind2=" ">
      <subfield code="a">zonder medium</subfield>
      <subfield code="b">n</subfield>
      <subfield code="2">rdamedia/dut</subfield>
    </datafield>
    <datafield tag="338" ind1=" " ind2=" ">
      <subfield code="a">band</subfield>
      <subfield code="b">nc</subfield>
      <subfield code="2">rdacarrier/dut</subfield>
    </datafield>
    <datafield tag="490" ind1="0" ind2=" ">
      <subfield code="a">The Anglo-Saxon poetic records ;</subfield>
      <subfield code="v">1</subfield>
    </datafield>
    <datafield tag="500" ind1=" " ind2=" ">
      <subfield code="a">Anglo-saksische tekst met inleiding en commentaar in het Engels.</subfield>
    </datafield>
    <datafield tag="500" ind1=" " ind2=" ">
      <subfield code="a">De teksten toegeschreven aan Caedmon.</subfield>
    </datafield>
    <datafield tag="504" ind1=" " ind2=" ">
      <subfield code="a">Met lit.opg.</subfield>
    </datafield>
    <datafield tag="500" ind1=" " ind2=" ">
      <subfield code="a">Bevat o.a.: Genesis. Exodus. Daniel.</subfield>
    </datafield>
    <datafield tag="650" ind1=" " ind2="0">
      <subfield code="a">English poetry</subfield>
      <subfield code="y">Old English, ca. 450-1100.</subfield>
    </datafield>
    <datafield tag="650" ind1=" " ind2="6">
      <subfield code="a">Poésie anglaise</subfield>
      <subfield code="y">ca 450-1100 (Vieil anglais)</subfield>
    </datafield>
    <datafield tag="648" ind1=" " ind2="7">
      <subfield code="a">450-1100</subfield>
      <subfield code="2">fast</subfield>
    </datafield>
    <datafield tag="650" ind1=" " ind2="7">
      <subfield code="a">English poetry</subfield>
      <subfield code="x">Old English.</subfield>
      <subfield code="2">fast</subfield>
      <subfield code="0">(OCoLC)fst01710965</subfield>
    </datafield>
    <datafield tag="700" ind1="1" ind2=" ">
      <subfield code="a">Krapp, George Philip,</subfield>
      <subfield code="d">1872-1934.</subfield>
      <subfield code="1">https://id.oclc.org/worldcat/entity/E39PBJwdfgCh9jQ9XQJCR7qWjC</subfield>
    </datafield>
    <datafield tag="700" ind1="1" ind2=" ">
      <subfield code="a">Junius, Franciscus,</subfield>
      <subfield code="c">F.F., taalkundige,</subfield>
      <subfield code="d">1589/91-1677.</subfield>
      <subfield code="1">https://id.oclc.org/worldcat/entity/E39PBJtcJjmmtVmGTR487Q6dwC</subfield>
    </datafield>
    <datafield tag="700" ind1="1" ind2=" ">
      <subfield code="a">Cædmon,</subfield>
      <subfield code="c">volksdichter der Angelsaksen,</subfield>
      <subfield code="d">7e eeuw.</subfield>
    </datafield>
    <datafield tag="773" ind1="0" ind2="8">
      <subfield code="7">nnam</subfield>
      <subfield code="i">(MP)</subfield>
      <subfield code="t">The Anglo-Saxon poetic records. a collective edition</subfield>
      <subfield code="g">1</subfield>
      <subfield code="w">(NL-LeOCL)037088831</subfield>
    </datafield>
    <datafield tag="787" ind1="1" ind2="8">
      <subfield code="i">Oorspr. uitg. van Junius o.d.t.:</subfield>
      <subfield code="t">Cædmonis Monachi Paraphrasis Poetica Genesios ac præcipuarum Sacræ paginæ Historiarum, abhinc annos M.LXX</subfield>
    </datafield>
    <datafield tag="936" ind1=" " ind2=" ">
      <subfield code="a">BATCHLOAD</subfield>
    </datafield>
  </record>